Applied numerical analysis
Salvato in:
| Autori principali: | , |
|---|---|
| Natura: | Libro |
| Lingua: | inglese |
| Pubblicazione: |
Boston
Pearson Education, Inc
2003
|
| Edizione: | 7a. ed |
| Soggetti: | |
| Tags: |
Aggiungi Tag
Nessun Tag, puoi essere il primo ad aggiungerne!!
|
MARC
| LEADER | 00000cam a2200000 a 4500 | ||
|---|---|---|---|
| 001 | UCC2812 | ||
| 003 | CL-VaPUC | ||
| 008 | 180323e20030000us |||||||||||||||||eng|d | ||
| 020 | |a 0321133048 | ||
| 082 | 0 | 4 | |a 519.4 |b GER |2 21 |
| 100 | |a Gerald, Curtis F |e author |9 596824 | ||
| 700 | 0 | |a Wheatly, Patrick O |e author |9 596825 | |
| 245 | 1 | 0 | |a Applied numerical analysis |
| 250 | |a 7a. ed | ||
| 300 | |a 609 p | ||
| 942 | |c BK | ||
| 945 | |d 20180323 15:33:00 |a dcastane | ||
| 260 | |a Boston |b Pearson Education, Inc |c 2003 | ||
| 650 | 0 | |a Análisis numérico |9 259387 | |
| 650 | 0 | |a Álgebra lineal |9 260445 | |
| 650 | 7 | |a FUNCIONES DERIVADAS |2 CL-VaPUC |9 537781 | |
| 650 | 0 | |a Programación lineal |9 23 | |
| 583 | |a last modification |c 20180323 15:33:00 |k Rodrigo Vera | ||
| 999 | |c 370753 |d 370751 | ||
| 952 | |0 0 |1 0 |3 erb |4 0 |6 519_400000000000000_GER_2003 |7 0 |8 A |9 487379 |a BIBING |b BIBING |i 5459419 |o 519.4 GER 2003 |p 5459419 |r 2025-01-20 |w 2019-11-24 |y BK |z Catalogado en:20180323 |k EIE | ||
| 952 | |0 0 |1 0 |3 erb |4 0 |6 519_400000000000000_GER_2003 |7 0 |8 A |9 487380 |a BIBING |b BIBING |i 5461340 |o 519.4 GER 2003 |p 5461340 |r 2025-01-20 |w 2019-11-24 |y BK |z Catalogado en:20180329 |k EIE | ||
| 952 | |0 0 |1 0 |3 erb |4 0 |6 519_400000000000000_GER_2003 |7 0 |8 A |9 487381 |a BIBING |b BIBING |i 5461359 |o 519.4 GER 2003 |p 5461359 |r 2025-01-20 |w 2019-11-24 |y BK |z Catalogado en:20180329 |k EIE | ||
| 952 | |0 0 |1 0 |3 erb |4 0 |6 519_400000000000000_GER_2003 |7 0 |8 A |9 487382 |a BIBING |b BIBING |i 5472156 |o 519.4 GER 2003 |p 5472156 |r 2025-01-20 |w 2019-11-24 |y BK |z Catalogado en:20180527 |k EIE | ||